Servidumbre de la libertad?
Gardado en:
| Autor Principal: | |
|---|---|
| Formato: | Libro |
| Idioma: | Lingua castelá |
| Publicado: |
Andorra la Vieja
Casal i Vall
1960
|
| Edición: | 1a. ed |
| Series: | Yo Sé-Yo Creo. Enciclopedia del Católico en el Siglo XX, 22
|
| Subjects: | |
| Tags: |
Engadir etiqueta
Sen Etiquetas, Sexa o primeiro en etiquetar este rexistro!
|
MARC
| LEADER | 00000cam a2200000 a 4500 | ||
|---|---|---|---|
| 001 | UCE1347 | ||
| 003 | CL-VaPUC | ||
| 008 | 140407e19600000an |||||||||||||||||spa|d | ||
| 082 | 0 | 4 | |a 123.5 |b JER |2 21 |
| 100 | 0 | |a Jerphagnon, Lucien |e author |9 573656 | |
| 245 | 1 | 0 | |a Servidumbre de la libertad? |
| 250 | |a 1a. ed | ||
| 300 | |a 158 p | ||
| 942 | |c BK | ||
| 945 | |d 20140407 11:30:00 |a dcastane | ||
| 260 | |a Andorra la Vieja |b Casal i Vall |c 1960 | ||
| 650 | 0 | |a Determinismo |9 322357 | |
| 650 | 0 | |a Libre albedrío |9 334583 | |
| 583 | |a last modification |c 20140407 11:30:00 |k Rodrigo Vera | ||
| 490 | 0 | |a Yo Sé-Yo Creo. Enciclopedia del Católico en el Siglo XX, 22 | |
| 999 | |c 355146 |d 355144 | ||
| 952 | |0 0 |1 0 |3 erb |4 0 |6 123_500000000000000_JER_1960 |7 0 |8 A |9 461534 |a BIBTEO |b BIBTEO |i 5050391 |o 123.5 JER 1960 |p 5050391 |r 2025-01-17 |w 2019-11-23 |y BK |z Catalogado en:20140407 |k ICR | ||